| 000 | 00556nam a2200205Ia 4500 | ||
|---|---|---|---|
| 003 | OSt | ||
| 005 | 20200812105248.0 | ||
| 008 | 190216s9999||||xx |||||||||||||| ||und|| | ||
| 020 | _a9788178081632 | ||
| 020 | _a9788177585421 | ||
| 040 | _coclc | ||
| 082 |
_a547 _bFIN/O |
||
| 100 |
_aFinar, I L _94053 |
||
| 245 | 0 |
_aOrganic Chemistry Vol 1 / _cI L Finar |
|
| 250 | _a6th Ed. | ||
| 260 |
_bPearson Education Asia, _c1973. _aDelhi: |
||
| 300 | _a965p | ||
| 650 | _aChemistry-Chemistry | ||
| 942 |
_cBK _2ddc _h547 _iFIN/O _k547 _mFIN/O |
||
| 999 |
_c3091 _d3091 |
||